000 00698nam a2200229 i 4500
001 6253
003 ES-MaACL
005 20250803063025.0
007 t|
008 890911s1987 sp ||||0| spa d
080 _a86.0(729.1)(Vitier,C.1.06)
080 _a92 Vitier, Cintio
100 1 _aDíaz Quiñones, Arcadio,
_d1940-
_944401
245 1 0 _aCintio Vitier
_b: la memoria integradora /
_cArcadio Diaz Quiñones.
250 _a1a ed.
260 _aSan Juan, Puerto Rico :
_bEditorial Sin Nombre,
_c1987.
300 _a167 p. ;
_c19 cm.
504 _aBibliogr.: p. 75-81.
600 1 4 _aVitier, Cintio.
_9115513
852 _aES-MaACL
_jL-13414
_bR.116778
999 _c6253
_d6253